تحميل...
Environmental Toxicology
| المؤلف الرئيسي: | |
|---|---|
| التنسيق: | Printed Book |
| منشور في: |
New Delhi, Sonali Pubs
2010
|
| الموضوعات: |
| LEADER | 004700000a22001570004500 | ||
|---|---|---|---|
| 020 | |a 9788184112467 | ||
| 082 | |a 615.9 PAT | ||
| 100 | |a Patro, Lingaraj |f Editor |9 154161 | ||
| 245 | |a Environmental Toxicology | ||
| 260 | |a New Delhi, Sonali Pubs | ||
| 260 | |c 2010 | ||
| 300 | |a 291 | ||
| 650 | |a Toxicology |9 154162 | ||
| 942 | |c BK | ||
| 999 | |c 181999 |d 181995 | ||
| 952 | |0 0 |1 0 |4 0 |6 615_900000000000000_PAT |7 0 |9 180675 |a SES |b SES |d 2019-05-17 |l 0 |o 615.9 PAT |p SES05362 |r 2019-05-17 |w 2019-05-17 |y BK | ||